Olympics medal table - Cycling - Statistics

General Stats
  • This quiz has been taken 52 times
  • The average score is 14 of 16
Answer Stats
Total Gold Silver Bronze Nation % Correct
94 42 27 25 France
100%
30 17 22 21 United States
100%
27 7 9 11 Belgium
98%
99 38 34 27 Great Britain
98%
61 23 22 16 Netherlands
94%
16 5 5 6 Spain
94%
54 15 19 20 Australia
92%
63 35 16 12 Italy
92%
21 5 5 11 Russia
90%
16 6 6 4 East Germany
84%
56 15 15 16 Germany
84%
16 2 5 9 Canada
82%
25 6 11 8 Switzerland
78%
29 8 11 10 Denmark
76%
24 11 4 9 Soviet Union
69%
17 4 5 8 Sweden
69%
No matching quizzes found
Score Distribution
Percent of People with Each Score
Percentile by Number Answered
Your Score History
You have not taken this quiz